[Event "AUTO-OPEN-4178"]
[Site "http://www.queenalice.com/game.php?id=1625202"]
[Date "2020.8.27"]
[Round "2"]
[White "josebaron"]
[Black "Retiarius"]
[Result "1-0"]
[WhiteElo "2452"]
[BlackElo "2097"]

1. e4 e6 2. d4 d5 3. exd5 exd5 4. Nf3 Bd6 5. h3 Ne7 6. c4 c6 7. Nc3 Bf5 8. Bd3
dxc4 9. Bxc4 b5 10. Bd3 Bxd3 11. Qxd3 O-O 12. O-O Na6 13. Re1 Nb4 14. Qb1 f6 15.
Bd2 Nbd5 16. Ne4 Qd7 17. a4 a6 18. Nh4 1-0

[Event "AUTO-OPEN-4178"]
[Site "http://www.queenalice.com/game.php?id=1625203"]
[Date "2020.8.27"]
[Round "2"]
[White "Retiarius"]
[Black "greggy"]
[Result "0-1"]
[WhiteElo "2089"]
[BlackElo "2854"]

1. Nf3 Nf6 2. c4 c5 3. g3 Nc6 4. Bg2 d5 5. cxd5 Nxd5 6. Nc3 Nc7 7. d3 e5 8. Bd2
Be7 9. Rc1 Bd7 10. h4 O-O 11. Ne4 b6 0-1

[Event "AUTO-MASTER-2997"]
[Site "http://www.queenalice.com/game.php?id=1629006"]
[Date "2020.10.5"]
[Round "1"]
[White "seega"]
[Black "Retiarius"]
[Result "1-0"]
[WhiteElo "2345"]
[BlackElo "2104"]

1. Nf3 d5 2. b3 Nf6 3. Bb2 e6 4. g3 Be7 5. Bg2 O-O 6. O-O c5 7. d3 Nc6 8. Nbd2
Bd7 9. e4 d4 10. a4 Qc7 11. Nc4 e5 12. Nfd2 a6 13. a5 Rad8 14. Nb6 Be6 15. Ndc4
Bxc4 16. Nxc4 Rfe8 17. Bc1 Nd7 18. Bd2 Nb4 19. f4 Bd6 20. f5 Be7 21. Be1 h6 22.
h4 Nb8 23. Bxb4 cxb4 24. Qe1 Nd7 25. g4 Nf6 26. Bf3 Bc5 27. Kg2 Ra8 28. Qg3 b5
29. axb6 Bxb6 30. g5 hxg5 31. hxg5 1-0

[Event "AUTO-MASTER-2997"]
[Site "http://www.queenalice.com/game.php?id=1629007"]
[Date "2020.10.5"]
[Round "1"]
[White "Retiarius"]
[Black "seega"]
[Result "0-1"]
[WhiteElo "2099"]
[BlackElo "2350"]

1. d4 Nf6 2. Nf3 b6 3. c4 Bb7 4. e3 g6 5. Be2 Bg7 6. Nc3 O-O 7. b3 c5 8. Bb2
cxd4 9. exd4 d5 10. O-O Nbd7 11. Re1 Rc8 12. Ng5 h6 13. Nf3 e6 14. Nb5 dxc4 15.
Bxc4 a6 16. Nd6 Rb8 17. Nxb7 Rxb7 18. Bxa6 Ra7 19. Bc4 Nd5 20. Bxd5 exd5 21. a4
Re8 22. Qd2 Nf6 23. Rxe8+ Qxe8 24. Re1 Ne4 25. Qb4 Qe6 26. Nd2 Qd6 27. Qxd6 Nxd6
28. Nf3 b5 29. Ba3 Ne4 30. Rc1 bxa4 31. bxa4 Rxa4 0-1

[Event "AUTO-MASTER-2997"]
[Site "http://www.queenalice.com/game.php?id=1629020"]
[Date "2020.10.5"]
[Round "1"]
[White "Retiarius"]
[Black "Aguinaldo"]
[Result "1-0"]
[WhiteElo "2099"]
[BlackElo "1853"]

1. Nf3 e6 2. c4 Nf6 3. g3 Bd6 4. Bg2 Qe7 5. O-O b6 6. Nd4 c6 7. Nc3 Bb7 8. Ndb5
cxb5 9. Bxb7 O-O 10. Bxa8 bxc4 11. d3 cxd3 12. Qxd3 Na6 13. Bg2 Nc5 14. Qd2 Be5
15. f4 Bxc3 16. Qxc3 Nce4 17. Qc2 d5 18. Be3 Ng4 19. Bd4 Nd6 20. h3 Nf6 21. Bxf6
Qxf6 22. b3 Rc8 23. Qd2 Nf5 24. Kh2 Qd4 25. Qxd4 Nxd4 26. e4 dxe4 27. Bxe4 f5
28. Bd3 Rc3 29. Rfd1 Nf3+ 30. Kg2 Ne1+ 31. Rxe1 Rxd3 32. Rxe6 Kf7 33. Rae1 Rd2+
34. R6e2 Rd7 35. g4 fxg4 36. hxg4 g6 37. g5 Rb7 38. Rc2 a5 39. Rec1 Ke6 40. Rd2
Kf5 41. Kf3 Re7 42. Rd5+ Ke6 43. Re5+ Kf7 44. Rxe7+ Kxe7 45. Rc7+ 1-0

[Event "AUTO-MASTER-2997"]
[Site "http://www.queenalice.com/game.php?id=1629021"]
[Date "2020.10.5"]
[Round "1"]
[White "Aguinaldo"]
[Black "Retiarius"]
[Result "0-1"]
[WhiteElo "1966"]
[BlackElo "2085"]

1. e4 c5 2. Nf3 d6 3. Bb5+ Bd7 4. Qe2 Nc6 5. c3 Nf6 6. d3 e6 7. Bg5 Be7 8. Nbd2
O-O 9. Nb3 a6 10. Bxc6 Bxc6 11. O-O-O e5 12. h3 b5 13. g4 Qc7 14. h4 Nxg4 15.
Bxe7 Qxe7 16. Rdg1 f5 17. Na5 Bd7 18. exf5 Bxf5 19. h5 h6 20. Nh4 Qg5+ 21. Qd2
Bxd3 22. Qxg5 hxg5 23. Ng6 Nxf2 24. Nxf8 Rxf8 25. Rxg5 Nxh1 26. h6 g6 27. Rxg6+
Bxg6 28. Nb7 Rf1+ 29. Kd2 Rf7 0-1

[Event "AUTO-MASTER-2997"]
[Site "http://www.queenalice.com/game.php?id=1629022"]
[Date "2020.10.5"]
[Round "1"]
[White "Retiarius"]
[Black "stoyan1"]
[Result "1/2-1/2"]
[WhiteElo "2103"]
[BlackElo "1957"]

1. c4 e5 2. Nc3 Bc5 3. e3 c6 4. Nf3 d6 5. d4 exd4 6. exd4 Bb4 7. Be2 Nf6 8. O-O
Be6 9. d5 Bd7 10. Bf4 O-O 11. Qc2 Qc8 12. Rfc1 Bf5 13. Bd3 Bxd3 14. Qxd3 Qd7 15.
a3 Bxc3 16. Rxc3 c5 17. Re1 Na6 18. Qc2 Rfe8 19. Rce3 Rxe3 20. Bxe3 Re8 21. Kf1
Nc7 22. b4 b6 23. Bc1 Rxe1+ 24. Nxe1 Ng4 25. h3 Ne5 26. Bb2 Ne8 27. bxc5 bxc5
28. Bxe5 dxe5 29. Qc3 f6 30. Qa5 Qc7 31. Qxc7 1/2-1/2

[Event "AUTO-MASTER-2997"]
[Site "http://www.queenalice.com/game.php?id=1629023"]
[Date "2020.10.5"]
[Round "1"]
[White "stoyan1"]
[Black "Retiarius"]
[Result "0-1"]
[WhiteElo "1891"]
[BlackElo "2096"]

1. e4 e6 2. Nf3 d5 3. exd5 exd5 4. d4 Be7 5. Nc3 Nf6 6. Bd3 h6 7. h3 O-O 8. Ne5
Nc6 9. Ng4 Nxd4 10. Nxh6+ gxh6 11. Bxh6 Bf5 12. Qd2 Bxd3 13. cxd3 Nh7 14. Bxf8
Kxf8 15. Qh6+ Kg8 16. O-O c6 17. f4 Bc5 18. Kh1 Nf5 19. Qxh7+ Kxh7 20. Rf3 Qh4
21. Kh2 Re8 22. a3 Re1 23. g3 Qe7 24. Rxe1 Qxe1 0-1

[Event "AUTO-OPEN-4200"]
[Site "http://www.queenalice.com/game.php?id=1638346"]
[Date "2020.12.31"]
[Round "2"]
[White "Palmeiras"]
[Black "Retiarius"]
[Result "1-0"]
[WhiteElo "2664"]
[BlackElo "2091"]

1. e4 e6 2. d4 d5 3. Nd2 dxe4 4. Nxe4 c5 5. Nxc5 Bxc5 6. dxc5 Qxd1+ 7. Kxd1 Nf6
8. Nf3 O-O 9. c3 Ng4 10. Ke1 Nd7 11. b4 Nde5 12. Nxe5 Nxe5 13. Bf4 Ng6 14. Bd6
Rd8 15. g3 Bd7 16. Bg2 Bc6 17. Bxc6 1-0

[Event "AUTO-OPEN-4200"]
[Site "http://www.queenalice.com/game.php?id=1638347"]
[Date "2020.12.31"]
[Round "2"]
[White "Retiarius"]
[Black "Palmeiras"]
[Result "0-1"]
[WhiteElo "2093"]
[BlackElo "2663"]

1. Nf3 Nf6 2. c4 e6 3. g3 b6 4. Bg2 Bb7 5. O-O Be7 6. Nc3 c5 7. b3 d5 8. cxd5
Nxd5 9. Nxd5 Bxd5 10. Bb2 O-O 11. d3 Qc8 12. Qc2 Rd8 13. e4 Bb7 14. Rad1 Nc6 15.
d4 cxd4 16. Nxd4 Nxd4 0-1

[Event "AUTO-MASTER-3050"]
[Site "http://www.queenalice.com/game.php?id=1762332"]
[Date "2021.6.17"]
[Round "1"]
[White "LuisGabriel_HD"]
[Black "Retiarius"]
[Result "1-0"]
[WhiteElo "1921"]
[BlackElo "2050"]

1. e4 e6 2. d4 d5 3. e5 c5 4. dxc5 Bxc5 5. Nf3 Ne7 6. Nc3 O-O 7. Bd3 Nbc6 8. O-O
Bd7 9. Re1 Nb4 10. Ng5 Nxd3 11. Qxd3 g6 12. Qh3 h5 13. Be3 d4 14. Nce4 Nd5 15.
Bd2 Be7 16. g4 f5 17. exf6 Bxf6 18. gxh5 gxh5 19. Qxh5 Bxg5 20. Bxg5 1-0

[Event "AUTO-MASTER-3050"]
[Site "http://www.queenalice.com/game.php?id=1762333"]
[Date "2021.6.17"]
[Round "1"]
[White "Retiarius"]
[Black "LuisGabriel_HD"]
[Result "0-1"]
[WhiteElo "2029"]
[BlackElo "1942"]

1. e4 e5 2. Nf3 Nc6 3. Bc4 Nf6 4. d3 h6 5. O-O Bc5 6. Nc3 d6 7. h3 O-O 8. Be3
Bxe3 9. fxe3 Re8 10. Qd2 Be6 11. Bxe6 Rxe6 12. Rae1 Qd7 13. Nh4 d5 14. exd5 Nxd5
15. Nxd5 Qxd5 16. c4 Qc5 17. Kh2 Rd8 18. a3 e4 19. d4 Qxc4 20. Rc1 Qd5 0-1

[Event "AUTO-MASTER-3050"]
[Site "http://www.queenalice.com/game.php?id=1762346"]
[Date "2021.6.17"]
[Round "1"]
[White "Retiarius"]
[Black "rom_banane"]
[Result "0-1"]
[WhiteElo "2041"]
[BlackElo "2144"]

1. d4 Nf6 2. c4 e6 3. Nf3 c5 4. d5 d6 5. Qc2 exd5 6. cxd5 Nxd5 7. e4 Nb4 8. Qd2
Bd7 9. a3 Qa5 10. Be2 Nc2+ 11. Kd1 Qxd2+ 12. Nbxd2 Nxa1 13. b3 Be6 14. Bb2 Nxb3
15. Bb5+ Nc6 16. Ke2 Nxd2 17. Nxd2 O-O-O 18. Bxc6 bxc6 0-1

[Event "AUTO-MASTER-3050"]
[Site "http://www.queenalice.com/game.php?id=1762347"]
[Date "2021.6.17"]
[Round "1"]
[White "rom_banane"]
[Black "Retiarius"]
[Result "0-1"]
[WhiteElo "2153"]
[BlackElo "2029"]

1. d4 d5 2. c4 e6 3. Nc3 Nf6 4. e3 c5 5. Nf3 Nc6 6. cxd5 cxd4 7. dxc6 bxc6 8.
Qxd4 Bd6 9. Ne5 Qc7 10. f4 O-O 11. g4 Bxe5 12. fxe5 Nd5 13. Nxd5 cxd5 14. e4
dxe4 15. Qxe4 Bb7 16. Qf4 Bxh1 17. Be3 Bd5 18. b3 Qc3+ 0-1

[Event "AUTO-OPEN-4286"]
[Site "http://www.queenalice.com/game.php?id=1762372"]
[Date "2021.6.17"]
[Round "1"]
[White "ratorei"]
[Black "Retiarius"]
[Result "1-0"]
[WhiteElo "2139"]
[BlackElo "2054"]

1. e4 e6 2. d4 d5 3. Bd3 dxe4 4. Bxe4 Nf6 5. Bf3 Bd6 6. Ne2 O-O 7. c4 Nc6 8. Nd2
Bd7 9. b3 Rb8 10. O-O Ne7 11. c5 Bxh2+ 12. Kxh2 Nf5 13. Nc4 Bb5 14. Be3 Nd5 15.
Bxd5 exd5 16. Ne5 Qh4+ 17. Kg1 Qe7 18. Qd2 Rbe8 19. Rfe1 Nxe3 20. fxe3 f6 21.
Nc3 a6 22. Ng4 Qe6 23. Nf2 Bd7 24. e4 dxe4 25. Nfxe4 Qg4 26. Re3 1-0

[Event "AUTO-OPEN-4286"]
[Site "http://www.queenalice.com/game.php?id=1762373"]
[Date "2021.6.17"]
[Round "1"]
[White "Retiarius"]
[Black "ratorei"]
[Result "1-0"]
[WhiteElo "2010"]
[BlackElo "2179"]

1. Nf3 Nf6 2. c4 g6 3. g3 Bg7 4. Bg2 O-O 5. Nc3 c6 6. O-O d5 7. cxd5 Nxd5 8. e4
Nc7 9. d4 Bg4 10. Be3 e6 11. h3 Bxf3 12. Qxf3 Nd7 13. Rad1 Nb6 14. a4 Nc4 15. b3
Nxe3 16. Qxe3 f5 17. e5 Qd7 18. Kh2 Nd5 19. Nxd5 exd5 20. f4 Rfe8 21. Rf2 b5 22.
axb5 cxb5 23. Rc1 Rad8 24. Rfc2 Rc8 25. Rxc8 Rxc8 26. Bxd5+ Kf8 27. Rxc8+ Qxc8
28. Bg2 a5 29. d5 Qd7 30. Qc5+ Ke8 31. d6 Kd8 32. Bc6 1-0